[Event "BL 1314 SV Griesheim - Schachfr. Berlin"]
[Site "?"]
[Date "2013.10.13"]
[Round "2.3"]
[White "Michalik, Peter"]
[Black "Bulski, Krzysztof"]
[Result "1/2-1/2"]
[WhiteElo "2584"]
[BlackElo "2534"]
[PlyCount "95"]
[EventDate "2013.??.??"]

1. d4 Nf6 2. c4 g6 3. g3 Bg7 4. Bg2 d5 5. cxd5 Nxd5 6. Nf3 Nb6 7. Nc3 Nc6 8. e3
O-O 9. O-O Re8 10. Re1 a5 11. Qe2 Be6 12. Nd2 f5 13. Rd1 a4 14. Rb1 Bf7 15. b3
axb3 16. axb3 Nd5 17. Bb2 Nxc3 18. Bxc3 Bd5 19. Qb5 Bxg2 20. Kxg2 e6 21. b4
Qd5+ 22. Qxd5 exd5 23. b5 Nd8 24. Bb4 Ra4 25. Rb2 Ne6 26. Nb1 c5 27. bxc6 bxc6
28. Nc3 Ra6 29. Ra2 Rea8 30. Rxa6 Rxa6 31. Rc1 Kf7 32. Ne2 Ke8 33. Rc2 Kd7 34.
Nc1 Bf8 35. Bxf8 Nxf8 36. Nd3 Kd6 37. Nc5 Ra7 38. Kf3 g5 39. g4 f4 40. Rb2 fxe3
41. fxe3 Nd7 42. Nxd7 Rxd7 43. Rb8 Rf7+ 44. Ke2 Rf6 45. Rg8 Rg6 46. Rxg6+ hxg6
47. Kd3 c5 48. dxc5+ 1/2-1/2

[Event "BL 1314 SV Griesheim - Schachfr. Berlin"]
[Site "?"]
[Date "2013.10.13"]
[Round "2.4"]
[White "Grabarczyk, Miroslaw"]
[Black "Schneider, Ilja"]
[Result "1/2-1/2"]
[WhiteElo "2465"]
[BlackElo "2514"]
[PlyCount "108"]
[EventDate "2013.??.??"]

1. d4 d5 2. c4 c6 3. Nf3 Nf6 4. Nc3 a6 5. e3 b5 6. b3 Bg4 7. Be2 Nbd7 8. O-O e6
9. h3 Bh5 10. Bb2 Bd6 11. Ne5 Bxe2 12. Nxe2 bxc4 13. bxc4 O-O 14. Rc1 Qb8 15.
Nxd7 Nxd7 16. Rb1 Qa7 17. Qc2 Rab8 18. Bc3 Rxb1 19. Rxb1 Rb8 20. c5 Bc7 21. Be1
Rb5 22. a4 Rxb1 23. Qxb1 e5 24. f3 g6 25. Bf2 a5 26. Nc1 exd4 27. exd4 Nf8 28.
Qd3 Ne6 29. g3 Qb8 30. Qb3 Bxg3 31. Qxb8+ Bxb8 32. Nb3 Bc7 33. Be1 Kf8 34. Kf2
Ke7 35. Ke3 f5 36. Nxa5 f4+ 37. Kd3 Bxa5 38. Bxa5 Ng5 39. h4 Nxf3 40. Bc7 Ne1+
41. Ke2 Ng2 42. h5 Kd7 43. Be5 gxh5 44. Kf2 Nh4 45. a5 Kc8 46. a6 Nf5 47. Kf3
Ne3 48. Kxf4 Nc2 49. Kg5 Nb4 50. Kxh5 Nxa6 51. Kh6 Kd7 52. Kxh7 Ke6 53. Bg7 Kf7
54. Bh8 Nc7 1/2-1/2

[Event "BL 1314 SV Griesheim - Schachfr. Berlin"]
[Site "?"]
[Date "2013.10.13"]
[Round "2.5"]
[White "Maksimenko, Andrei"]
[Black "Murdzia, Piotr"]
[Result "1-0"]
[WhiteElo "2543"]
[BlackElo "2449"]
[PlyCount "87"]
[EventDate "2013.??.??"]

1. d4 Nf6 2. c4 e6 3. Nc3 Bb4 4. f3 d5 5. a3 Bxc3+ 6. bxc3 c5 7. cxd5 exd5 8.
e3 O-O 9. Bd3 b6 10. Ne2 Ba6 11. Bxa6 Nxa6 12. O-O Qd7 13. Ng3 Rfe8 14. Re1 Qb7
15. Ra2 Re6 16. Rae2 Rae8 17. Qd3 g6 18. e4 c4 19. Qc2 Qc6 20. e5 Nd7 21. f4 f5
22. exf6 Rxe2 23. Rxe2 Nxf6 24. f5 Rxe2 25. Qxe2 Qe8 26. Qf1 Nb8 27. fxg6 Qxg6
28. Nf5 Kf7 29. h3 h5 30. Nd6+ Ke6 31. Bf4 Nbd7 32. Qe1+ Ne4 33. Nxe4 dxe4 34.
Qh4 Qf5 35. Qg3 Kf7 36. Bh6 Ke6 37. Qg8+ Qf7 38. d5+ Ke7 39. Bg5+ Nf6 40. Qa8
Qg6 41. Qxa7+ Kf8 42. Qb8+ Ne8 43. Qe5 b5 44. Be7+ 1-0

[Event "BL 1314 SV Griesheim - Schachfr. Berlin"]
[Site "?"]
[Date "2013.10.13"]
[Round "2.6"]
[White "Farago, Ivan"]
[Black "Dann, Matthias"]
[Result "1-0"]
[WhiteElo "2484"]
[BlackElo "2450"]
[PlyCount "43"]
[EventDate "2013.??.??"]

1. d4 Nf6 2. c4 e6 3. Nf3 Bb4+ 4. Nbd2 b6 5. a3 Bxd2+ 6. Qxd2 Bb7 7. e3 O-O 8.
Be2 Ne4 9. Qc2 f5 10. O-O Rf6 11. b4 Rh6 12. d5 exd5 13. cxd5 Bxd5 14. Bb2 Nc6
15. Rac1 Qf8 16. b5 Na5 17. Qxc7 Nc5 18. Qe5 Bb7 19. Rxc5 d6 20. Qxg7+ Qxg7 21.
Bxg7 Kxg7 22. Rc7+ 1-0

[Event "BL 1314 SV Griesheim - Schachfr. Berlin"]
[Site "?"]
[Date "2013.10.13"]
[Round "2.7"]
[White "Lauber, Arnd"]
[Black "Izsak, Gyula"]
[Result "1-0"]
[WhiteElo "2443"]
[BlackElo "2438"]
[PlyCount "63"]
[EventDate "2013.??.??"]

1. d4 d5 2. c4 e6 3. Nc3 Be7 4. cxd5 exd5 5. Bf4 c6 6. Qc2 Nf6 7. e3 Nbd7 8. h3
Nf8 9. Nf3 Ng6 10. Bh2 Bd6 11. Bxd6 Qxd6 12. Bd3 Be6 13. O-O O-O 14. Rab1 a5
15. a3 Ne7 16. Na4 g6 17. b4 axb4 18. axb4 Nd7 19. b5 Ra5 20. bxc6 bxc6 21.
Rfc1 Rfa8 22. Nb6 Nxb6 23. Rxb6 Ra1 24. Rbb1 Qa3 25. Ne5 h6 26. Bf1 Kg7 27.
Rxa1 f6 28. Nd3 Nc8 29. Nc5 Kf7 30. Bd3 Nd6 31. Bxg6+ Kg8 32. f3 1-0

[Event "BL 1314 SV Griesheim - Schachfr. Berlin"]
[Site "?"]
[Date "2013.10.13"]
[Round "2.8"]
[White "Walter, Stefan"]
[Black "Berndt, Stephan"]
[Result "1/2-1/2"]
[WhiteElo "2343"]
[BlackElo "2441"]
[PlyCount "43"]
[EventDate "2013.??.??"]

1. d4 Nf6 2. c4 e6 3. Nc3 Bb4 4. Qc2 d6 5. a3 Bxc3+ 6. Qxc3 Nbd7 7. g3 O-O 8.
Bg2 e5 9. Nf3 e4 10. Ng5 Re8 11. O-O c6 12. f3 exf3 13. exf3 d5 14. b3 Nf8 15.
Be3 h6 16. Nh3 Ng6 17. Rfe1 Be6 18. Nf4 Nxf4 19. Bxf4 dxc4 20. bxc4 b5 21. d5
cxd5 22. cxb5 1/2-1/2

[Event "BL 1314 SC Viernheim - SK König Tegel"]
[Site "?"]
[Date "2013.10.13"]
[Round "2.1"]
[White "Rabiega, Robert"]
[Black "Maze, Sebastien"]
[Result "1-0"]
[WhiteElo "2507"]
[BlackElo "2550"]
[PlyCount "97"]
[EventDate "2013.??.??"]

1. e4 g6 2. d4 Bg7 3. c3 d6 4. Bc4 Nf6 5. Qe2 c6 6. Bb3 e5 7. Nf3 Qe7 8. dxe5
dxe5 9. O-O Nbd7 10. a4 Nh5 11. Na3 O-O 12. Bg5 Bf6 13. Be3 Nc5 14. Bc2 Bg4 15.
h3 Bd7 16. Rfd1 Rfd8 17. Nc4 Ne6 18. g3 Ng5 19. Bxg5 Bxg5 20. Ncxe5 Bxh3 21.
Bb3 Rf8 22. Kh2 Bc8 23. Nxg5 Qxe5 24. Nxf7 Qc5 25. Rd4 Kg7 26. Nd6 Nf6 27. Nxc8
h5 28. Be6 h4 29. Nd6 hxg3+ 30. fxg3 Rh8+ 31. Kg2 Qe5 32. Bh3 Rxh3 33. Kxh3
Rh8+ 34. Kg2 Qe6 35. e5 Qh3+ 36. Kf2 Nd5 37. Rg1 Qh2+ 38. Rg2 Rf8+ 39. Ke1 Qh1+
40. Kd2 Qb1 41. Rxd5 cxd5 42. Qd1 Qxb2+ 43. Qc2 Qa1 44. e6 d4 45. e7 Rf3 46.
Qxg6+ Kxg6 47. e8=Q+ Kg7 48. Qd7+ Kf8 49. Qc8+ 1-0

[Event "BL 1314 SC Viernheim - SK König Tegel"]
[Site "?"]
[Date "2013.10.13"]
[Round "2.3"]
[White "Richter, Michael"]
[Black "Abergel, Thal"]
[Result "0-1"]
[WhiteElo "2473"]
[BlackElo "2413"]
[PlyCount "88"]
[EventDate "2013.??.??"]

1. d4 Nf6 2. c4 e6 3. Nc3 Bb4 4. f3 d5 5. a3 Bxc3+ 6. bxc3 b6 7. cxd5 exd5 8.
e3 O-O 9. Bd3 Ba6 10. Ne2 Re8 11. O-O c6 12. Ng3 Bxd3 13. Qxd3 Nbd7 14. Bb2 Rc8
15. Rad1 Qe7 16. e4 dxe4 17. fxe4 Rcd8 18. Qf3 Nxe4 19. Rde1 Ng5 20. Qh5 Qxe1
21. Rxe1 Rxe1+ 22. Kf2 Rb1 23. Qxg5 Rxb2+ 24. Kf3 Re8 25. Nf5 g6 26. Ne7+ Kf8
27. Qc1 Rb5 28. a4 Ra5 29. Nxc6 Rf5+ 30. Kg3 Re6 31. Nxa7 Nf6 32. h3 Re2 33.
Nc6 Rff2 34. Qh6+ Ke8 35. Ne5 Rxg2+ 36. Kf3 Rgf2+ 37. Kg3 Rg2+ 38. Kf3 Ne4 39.
Ng4 f5 40. Kf4 fxg4 41. hxg4 Rgf2+ 42. Ke5 Nxc3+ 43. Kd6 Rf6+ 44. Kc7 Re7+ 0-1

[Event "BL 1314 SC Viernheim - SK König Tegel"]
[Site "?"]
[Date "2013.10.13"]
[Round "2.4"]
[White "Libiszewski, Fabien"]
[Black "Muse, Mladen"]
[Result "1-0"]
[WhiteElo "2522"]
[BlackElo "2424"]
[PlyCount "81"]
[EventDate "2013.??.??"]

1. e4 g6 2. d4 Bg7 3. Nc3 d6 4. Be3 Nf6 5. f3 c6 6. Qd2 Nbd7 7. Bh6 Bxh6 8.
Qxh6 e5 9. O-O-O Qe7 10. Nge2 Qf8 11. Qd2 Qe7 12. g4 Nb6 13. Ng3 h5 14. g5 Nh7
15. h4 f6 16. gxf6 Qxf6 17. Kb1 O-O 18. Be2 Bd7 19. dxe5 dxe5 20. Qh6 Rf7 21.
Rhg1 Kh8 22. a4 Re8 23. Nf1 Rg7 24. a5 Nc8 25. Ne3 Be6 26. Bc4 Bxc4 27. Nxc4 b5
28. axb6 axb6 29. f4 exf4 30. e5 Qf5 31. Ne2 Rf8 32. Nd4 Qf7 33. e6 Qf6 34.
Nxc6 Qxe6 35. N6e5 Rfg8 36. Qxf4 b5 37. Ne3 Rf8 38. Qd4 Ne7 39. Nd5 Rd8 40. Nf4
Rxd4 41. Nxe6 1-0

[Event "BL 1314 SC Viernheim - SK König Tegel"]
[Site "?"]
[Date "2013.10.13"]
[Round "2.6"]
[White "Meinhardt, Maximilian"]
[Black "Sarbok, Torsten"]
[Result "1/2-1/2"]
[WhiteElo "2394"]
[BlackElo "2367"]
[PlyCount "108"]
[EventDate "2013.??.??"]

1. e4 c6 2. Ne2 d5 3. e5 c5 4. d4 Nc6 5. c3 e6 6. a3 Nge7 7. b4 cxd4 8. cxd4
Nf5 9. Bb2 Be7 10. Ng3 Nh4 11. Nh5 g6 12. Nf4 Bg5 13. Nd3 Nf5 14. Nc5 h5 15.
Be2 Kf8 16. Qd3 b6 17. Nb3 Nce7 18. Qc2 Bb7 19. Bd3 Qd7 20. Qe2 Kg7 21. O-O
Rhc8 22. Rd1 Rc7 23. b5 Rac8 24. N1d2 Bh6 25. a4 Qd8 26. g3 Kh8 27. a5 Rb8 28.
a6 Bc8 29. Rac1 Bd7 30. Rxc7 Qxc7 31. Rc1 Qd8 32. f4 Rc8 33. Nf3 Rxc1+ 34. Nxc1
Qc7 35. Na2 Kg8 36. Kf2 Bf8 37. Qd2 Nh6 38. h3 Nef5 39. Qc3 Qxc3 40. Bxc3 Ng7
41. Bb4 Ne8 42. Bxf8 Kxf8 43. Nc3 Nc7 44. Ne1 Kg7 45. Nc2 f6 46. Kf3 Nf7 47.
Be2 Nh6 48. g4 hxg4+ 49. hxg4 Nf7 50. Bd3 g5 51. Kg3 Be8 52. Kf3 Bd7 53. Kg3
Be8 54. Kf3 Bd7 1/2-1/2

[Event "BL 1314 SC Viernheim - SK König Tegel"]
[Site "?"]
[Date "2013.10.13"]
[Round "2.8"]
[White "Tresch, Ralf"]
[Black "Fruebing, Stefan"]
[Result "0-1"]
[WhiteElo "2210"]
[BlackElo "2372"]
[PlyCount "144"]
[EventDate "2013.??.??"]

1. Nf3 Nf6 2. c4 g6 3. g3 Bg7 4. Bg2 O-O 5. O-O d6 6. Nc3 a6 7. d3 c6 8. a4 a5
9. Bd2 Na6 10. b3 e5 11. Rb1 Nd7 12. Qc1 Ndc5 13. Bh6 Ne6 14. Bxg7 Kxg7 15. Qd2
f5 16. d4 e4 17. Ne1 Nb4 18. d5 Nc5 19. Nc2 Nxc2 20. Qxc2 Qf6 21. Qd2 Rd8 22.
Rfd1 Bd7 23. Qd4 Be8 24. f3 exf3 25. exf3 Ra6 26. Qxf6+ Kxf6 27. Ne2 cxd5 28.
cxd5 Bf7 29. f4 Re8 30. Kf2 Rb6 31. Nd4 Ne4+ 32. Bxe4 Rxe4 33. Rd3 Bxd5 34. Nb5
Be6 35. Nxd6 Rxa4 36. bxa4 Rxb1 37. Ke3 Rb4 38. Rd4 Rb3+ 39. Rd3 Rb1 40. Nb5
Rb2 41. Rd6 Ke7 42. Rb6 Rxh2 43. Rxb7+ Bd7 44. Ra7 h5 45. Ra6 Rg2 46. Kf3 Ra2
47. Rxa5 Bc6+ 48. Ke3 Rg2 49. Ra7+ Kd8 50. Kd4 Rxg3 51. Kc5 Be4 52. Rh7 Rg1 53.
a5 Rc1+ 54. Kb6 Rc6+ 55. Ka7 Bd3 56. Nd4 Rc7+ 57. Rxc7 Kxc7 58. Ne6+ Kd6 59.
Ng5 Bf1 60. Nf3 Ke6 61. a6 Kf6 62. Kb6 Bg2 63. Ng5 h4 64. a7 Kg7 65. Kc7 Kh6
66. Nf7+ Kh5 67. Nd6 h3 68. Nb7 Bxb7 69. Kxb7 h2 70. a8=Q h1=Q+ 71. Ka7 Qxa8+
72. Kxa8 Kg4 0-1

[Event "BL 1314 SG Solingen - Hamburger SK"]
[Site "?"]
[Date "2013.10.13"]
[Round "2.1"]
[White "Kravtsiv, Martyn"]
[Black "Ragger, Markus"]
[Result "1/2-1/2"]
[WhiteElo "2609"]
[BlackElo "2668"]
[PlyCount "46"]
[EventDate "2013.??.??"]

1. e4 e5 2. Nf3 Nc6 3. Bb5 a6 4. Ba4 Nf6 5. O-O Be7 6. Re1 b5 7. Bb3 O-O 8. c3
d5 9. exd5 Nxd5 10. Nxe5 Nxe5 11. Rxe5 c6 12. d4 Bd6 13. Re1 Qh4 14. g3 Qh3 15.
Be3 Bg4 16. Qd3 Rae8 17. Nd2 Qh5 18. Qf1 Re7 19. c4 Bh3 20. Qe2 Bg4 21. Qf1 Bh3
22. Qe2 Bg4 23. Qf1 Bh3 1/2-1/2

[Event "BL 1314 SG Solingen - Hamburger SK"]
[Site "?"]
[Date "2013.10.13"]
[Round "2.2"]
[White "L'Ami, Erwin"]
[Black "Ernst, Sipke"]
[Result "1/2-1/2"]
[WhiteElo "2645"]
[BlackElo "2573"]
[PlyCount "40"]
[EventDate "2013.??.??"]

1. d4 d5 2. c4 c6 3. e3 Bf5 4. Nc3 e6 5. Nf3 Nd7 6. Bd3 Bxd3 7. Qxd3 Bb4 8. O-O
Ngf6 9. Bd2 a5 10. a3 Be7 11. e4 Nc5 12. dxc5 dxe4 13. Qxd8+ Rxd8 14. Nxe4 Nxe4
15. Bxa5 Ra8 16. Bb4 Bxc5 17. Bxc5 Nxc5 18. b4 Na4 19. c5 Ke7 20. Ne5 Rhd8
1/2-1/2

[Event "BL 1314 SG Solingen - Hamburger SK"]
[Site "?"]
[Date "2013.10.13"]
[Round "2.3"]
[White "Kempinski, Robert"]
[Black "Smeets, Jan"]
[Result "1/2-1/2"]
[WhiteElo "2585"]
[BlackElo "2620"]
[PlyCount "57"]
[EventDate "2013.??.??"]

1. d4 d5 2. c4 c6 3. e3 Nf6 4. Nf3 Bg4 5. h3 Bh5 6. Nc3 e6 7. Qb3 Qc7 8. g4 Bg6
9. Ne5 Nbd7 10. Nxg6 hxg6 11. Bg2 Nb6 12. cxd5 exd5 13. Qc2 O-O-O 14. b3 Kb8
15. Bb2 Bd6 16. O-O-O Qe7 17. Rhe1 Ba3 18. f3 Ne8 19. Bxa3 Qxa3+ 20. Kb1 Nc7
21. Ne2 Rhe8 22. Nf4 Re7 23. Nd3 Rde8 24. Qd2 a5 25. Nc5 Qb4 26. Kc2 Qa3 27.
Kb1 Qb4 28. Kc2 Qa3 29. Kb1 1/2-1/2

[Event "BL 1314 SG Solingen - Hamburger SK"]
[Site "?"]
[Date "2013.10.13"]
[Round "2.6"]
[White "Andersen, Mads"]
[Black "Ftacnik, Lubomir"]
[Result "1/2-1/2"]
[WhiteElo "2476"]
[BlackElo "2546"]
[PlyCount "56"]
[EventDate "2013.??.??"]

1. d4 Nf6 2. c4 g6 3. Nc3 d5 4. cxd5 Nxd5 5. Bd2 Bg7 6. e4 Nb6 7. Be3 Nc6 8.
Bb5 O-O 9. Nge2 Bd7 10. O-O a6 11. Bxc6 Bxc6 12. Qb3 e6 13. Rfd1 Nc8 14. d5
exd5 15. exd5 Bd7 16. Qxb7 Nd6 17. Qb3 Rb8 18. Qc2 Nc4 19. Bc5 Rxb2 20. Qd3 Re8
21. Nd4 Qf6 22. Ne4 Qh4 23. Re1 Nd6 24. g3 Qd8 25. Ba3 Rb6 26. Bc5 Rb2 27. Ba3
Rb6 28. Bc5 Rb2 1/2-1/2

[Event "BL 1314 SG Solingen - Hamburger SK"]
[Site "?"]
[Date "2013.10.13"]
[Round "2.7"]
[White "Sebastian, Dirk"]
[Black "Hoffmann, Michael"]
[Result "1-0"]
[WhiteElo "2449"]
[BlackElo "2462"]
[PlyCount "59"]
[EventDate "2013.??.??"]

1. e4 c5 2. Nf3 d6 3. d4 cxd4 4. Nxd4 Nf6 5. Nc3 a6 6. Bc4 e6 7. Bb3 b5 8. O-O
Be7 9. Qf3 Qc7 10. Qg3 O-O 11. Bh6 Ne8 12. Rad1 Bd7 13. f4 Nc6 14. Nxc6 Qxc6
15. f5 Kh8 16. f6 Bxf6 17. Rxf6 gxh6 18. Qf3 Qc5+ 19. Kh1 Qg5 20. Rxf7 Nf6 21.
Rxf8+ Rxf8 22. Rxd6 Qc5 23. Rd1 b4 24. Ne2 Bc6 25. Rd8 Qe7 26. Rxf8+ Qxf8 27.
Ng3 Qd8 28. h3 Qd4 29. Qf4 Kg7 30. Bxe6 1-0

[Event "BL 1314 SG Turm Trier - Werder Bremen"]
[Site "?"]
[Date "2013.10.13"]
[Round "2.2"]
[White "Lupulescu, Constantin"]
[Black "Fressinet, Laurent"]
[Result "1/2-1/2"]
[WhiteElo "2633"]
[BlackElo "2710"]
[PlyCount "178"]
[EventDate "2013.??.??"]

1. d4 d5 2. c4 c6 3. Nf3 Nf6 4. e3 Bf5 5. Nc3 e6 6. Nh4 Be4 7. f3 Bg6 8. Qb3
Qc7 9. Bd2 Nbd7 10. Rc1 Be7 11. g3 Nh5 12. Nxg6 hxg6 13. Rg1 Nhf6 14. cxd5 exd5
15. Nxd5 Nxd5 16. Qxd5 Rxh2 17. Qb3 Nf6 18. Bc4 Bd6 19. g4 Qe7 20. Kd1 Kf8 21.
Rc2 Rh3 22. Rf1 Rd8 23. Kc1 c5 24. dxc5 Bxc5 25. Kb1 b6 26. Bc1 Nh7 27. e4 Kg8
28. Rd2 Rxd2 29. Bxd2 Nf8 30. Bc3 a5 31. a3 Nh7 32. e5 Ng5 33. Qd1 Qe8 34. Qd5
Ne6 35. Qd3 g5 36. Rd1 Bf8 37. Qd5 Rh2 38. Qd7 Qxd7 39. Rxd7 Rf2 40. Bd5 Bc5
41. Rb7 Kf8 42. Rb8+ Ke7 43. Rb7+ Kf8 44. b4 axb4 45. Bxb4 Bxb4 46. axb4 Nf4
47. Be4 Ne2 48. Kc2 Ng3+ 49. Kd3 Nxe4 50. Kxe4 Re2+ 51. Kf5 Re3 52. Rxb6 Rxf3+
53. Kxg5 Ke7 54. b5 f6+ 55. exf6+ gxf6+ 56. Kh5 Rh3+ 57. Kg6 Rg3 58. Kf5 Rf3+
59. Ke4 Rg3 60. Kf5 Rf3+ 61. Ke4 Rg3 62. Kf4 Rb3 63. Rb7+ Ke6 64. Rb6+ Ke7 65.
Rb8 Ke6 66. b6 Rb4+ 67. Ke3 Kd7 68. Kf3 Rb1 69. Kg2 Rb2+ 70. Kg3 Rb3+ 71. Kh4
Rf3 72. Kh5 Kc6 73. b7 Rh3+ 74. Kg6 Rg3 75. Rc8+ Kxb7 76. Rc4 Rf3 77. Rc5 Rg3
78. Kh5 Rh3+ 79. Kg6 Rg3 80. Kf5 Rf3+ 81. Ke4 Rf1 82. Rf5 Re1+ 83. Kd3 Kc7 84.
Rxf6 Kd7 85. g5 Ke7 86. Ra6 Kf7 87. Kd2 Rg1 88. g6+ Rxg6 89. Rxg6 Kxg6 1/2-1/2

[Event "BL 1314 SG Turm Trier - Werder Bremen"]
[Site "?"]
[Date "2013.10.13"]
[Round "2.3"]
[White "Efimenko, Zahar"]
[Black "Sanikidze, Tornike"]
[Result "1/2-1/2"]
[WhiteElo "2661"]
[BlackElo "2556"]
[PlyCount "52"]
[EventDate "2013.??.??"]

1. Nf3 Nf6 2. g3 g6 3. c4 Bg7 4. Bg2 O-O 5. O-O d5 6. cxd5 Nxd5 7. Nc3 e5 8.
Nxd5 Qxd5 9. d3 c6 10. Bd2 Na6 11. Qa4 Qd8 12. Rac1 Nc7 13. Rfd1 Ne6 14. Ba5
Qf6 15. e3 Ng5 16. Nxg5 Qxg5 17. Qb3 Re8 18. Bc3 Qe7 19. d4 exd4 20. Bxd4 Be6
21. Qa4 Red8 22. a3 Bxd4 23. Rxd4 Rxd4 24. Qxd4 Qd8 25. Rd1 Qxd4 26. Rxd4 Rc8
1/2-1/2

[Event "BL 1314 SG Turm Trier - Werder Bremen"]
[Site "?"]
[Date "2013.10.13"]
[Round "2.4"]
[White "Parligras, Mircea-Emilian"]
[Black "Hracek, Zbynek"]
[Result "1/2-1/2"]
[WhiteElo "2575"]
[BlackElo "2636"]
[PlyCount "87"]
[EventDate "2013.??.??"]

1. d4 Nf6 2. c4 e6 3. Nf3 Bb4+ 4. Nbd2 O-O 5. a3 Be7 6. e4 d6 7. Qc2 Nbd7 8.
Be2 e5 9. O-O exd4 10. Nxd4 Re8 11. Nb1 Nxe4 12. Qxe4 Bf6 13. Qf4 Bxd4 14. Qxd4
Rxe2 15. Be3 Nc5 16. Nd2 Rxd2 17. Qxd2 Nb3 18. Qc3 Nxa1 19. Rxa1 Be6 20. Rd1 b6
21. b4 Qe8 22. c5 dxc5 23. bxc5 f6 24. cxb6 cxb6 25. Qc7 Qa4 26. Rd8+ Rxd8 27.
Qxd8+ Kf7 28. Qc7+ Bd7 29. Qd6 Qc6 30. Bf4 Qxd6 31. Bxd6 Ke6 32. Bf8 g5 33. Kf1
h5 34. Ke2 a5 35. Ke3 Ke5 36. Be7 b5 37. g3 h4 38. Bc5 Kf5 39. Be7 Bc6 40. gxh4
gxh4 41. Kd4 h3 42. Bd8 b4 43. axb4 axb4 44. Kc4 1/2-1/2

[Event "BL 1314 SG Turm Trier - Werder Bremen"]
[Site "?"]
[Date "2013.10.13"]
[Round "2.5"]
[White "Babula, Vlastimil"]
[Black "Bobras, Piotr"]
[Result "1-0"]
[WhiteElo "2569"]
[BlackElo "2518"]
[PlyCount "111"]
[EventDate "2013.??.??"]

1. d4 d5 2. c4 c6 3. Nf3 Nf6 4. Nc3 dxc4 5. a4 Bf5 6. Nh4 e6 7. Nxf5 exf5 8. e3
Bb4 9. Bxc4 O-O 10. Qc2 g6 11. O-O Nbd7 12. f3 Rc8 13. Kh1 c5 14. Ba2 a6 15.
Bd2 Qc7 16. dxc5 Bxc5 17. e4 fxe4 18. Nxe4 Bd4 19. Qb3 Nxe4 20. fxe4 Nc5 21.
Qb4 Bg7 22. Rac1 Qe5 23. Qc4 b5 24. axb5 axb5 25. Qxb5 Nxe4 26. Bxf7+ Kh8 27.
Qxe5 Bxe5 28. Bh6 Bg7 29. Rxc8 Rxc8 30. Bxg7+ Kxg7 31. Bd5 Nf2+ 32. Kg1 Nd3 33.
b3 Rc3 34. h3 Nb4 35. Bc4 Na2 36. Rf7+ Kh6 37. Rb7 Nc1 38. Kf2 Rc2+ 39. Kf3
Rc3+ 40. Kf4 Nd3+ 41. Bxd3 Rxd3 42. b4 g5+ 43. Kg4 Rd4+ 44. Kf5 Rf4+ 45. Ke5
Rf2 46. g4 Re2+ 47. Kd5 Re3 48. b5 Rxh3 49. Rd7 Rg3 50. b6 Rd3+ 51. Ke6 Rb3 52.
b7 Kg6 53. Kd5 h5 54. Kc5 Rc3+ 55. Kb4 Rc1 56. Rd3 1-0

[Event "BL 1314 SG Turm Trier - Werder Bremen"]
[Site "?"]
[Date "2013.10.13"]
[Round "2.7"]
[White "Markgraf, Alexander"]
[Black "Cioara, Andrei-Nestor"]
[Result "1-0"]
[WhiteElo "2483"]
[BlackElo "2455"]
[PlyCount "93"]
[EventDate "2013.??.??"]

1. e4 d5 2. exd5 Nf6 3. Nf3 Qxd5 4. Nc3 Qa5 5. d4 Bf5 6. Bd2 Nbd7 7. Bc4 c6 8.
Qe2 Qb6 9. O-O-O e6 10. Be3 Nd5 11. Bxd5 cxd5 12. Nh4 Bg6 13. Nxg6 hxg6 14.
Nxd5 exd5 15. Bg5+ Qe6 16. Qd2 Nf6 17. Rhe1 Ne4 18. Qa5 b6 19. Qa6 Bd6 20. f3
O-O 21. fxe4 dxe4 22. g3 Qd5 23. Be3 Rac8 24. Kb1 b5 25. Bf4 Rc6 26. Qa5 Bxf4
27. gxf4 a6 28. Qa3 Re8 29. Qg3 Rc4 30. Qg5 Qf5 31. d5 e3 32. Qxf5 gxf5 33. d6
Rxf4 34. c4 Rxc4 35. Rxe3 Rce4 36. Ra3 Ra4 37. Rxa4 bxa4 38. Kc2 g6 39. Kc3 Kg7
40. d7 Rd8 41. Kc4 Kf6 42. Kc5 f4 43. Kd6 g5 44. h3 Rh8 45. Re1 Kf5 46. Re8
Rxh3 47. Re5+ 1-0

[Event "BL 1314 SG Turm Trier - Werder Bremen"]
[Site "?"]
[Date "2013.10.13"]
[Round "2.8"]
[White "Kolbus, Dietmar"]
[Black "Asendorf, Joachim"]
[Result "1/2-1/2"]
[WhiteElo "2302"]
[BlackElo "2357"]
[PlyCount "45"]
[EventDate "2013.??.??"]

1. c4 e6 2. Nf3 d5 3. g3 Nf6 4. Bg2 Be7 5. O-O O-O 6. b3 c5 7. cxd5 exd5 8. d4
Nc6 9. Bb2 Re8 10. Nc3 Bg4 11. Ne5 cxd4 12. Nxc6 bxc6 13. Qxd4 c5 14. Qd3 d4
15. Ne4 Rc8 16. e3 dxe3 17. Qxe3 Nxe4 18. Qxe4 Qd7 19. Qd5 Red8 20. Qxd7 Rxd7
21. Rfc1 Rd2 22. Bc3 Rd7 23. Bb2 1/2-1/2

[Event "BL 1314 SV Mülheim Nord - SC Eppingen"]
[Site "?"]
[Date "2013.10.13"]
[Round "2.1"]
[White "Harikrishna, P."]
[Black "Navara, David"]
[Result "1/2-1/2"]
[WhiteElo "2709"]
[BlackElo "2703"]
[PlyCount "82"]
[EventDate "2013.??.??"]

1. d4 Nf6 2. Nf3 g6 3. Bg5 Bg7 4. Nbd2 O-O 5. c3 d5 6. e3 Re8 7. h3 Nbd7 8. Bf4
c5 9. Be2 b6 10. O-O Bb7 11. Bh2 e6 12. Rc1 Qe7 13. Ne5 Nxe5 14. Bxe5 Rac8 15.
Bd3 Ne4 16. Bxg7 Kxg7 17. f4 Nxd2 18. Qxd2 a5 19. Rf3 Bc6 20. g4 c4 21. Bc2 f5
22. Kh2 Kf7 23. Rg1 Rh8 24. Rfg3 Ke8 25. Qg2 Kd8 26. b3 b5 27. bxc4 bxc4 28.
gxf5 exf5 29. Bxf5 gxf5 30. Rg7 Qf6 31. Qb2 Qe6 32. Qa3 Ke8 33. Qxa5 Ra8 34.
Ra7 Rb8 35. Qa3 Qxe3 36. Rg3 Qf2+ 37. Rg2 Qxf4+ 38. Rg3 Qf2+ 39. Rg2 Qf4+ 40.
Rg3 Qf2+ 41. Rg2 Qf4+ 1/2-1/2

[Event "BL 1314 SV Mülheim Nord - SC Eppingen"]
[Site "?"]
[Date "2013.10.13"]
[Round "2.2"]
[White "Potkin, Vladimir"]
[Black "Berkes, Ferenc"]
[Result "1/2-1/2"]
[WhiteElo "2645"]
[BlackElo "2673"]
[PlyCount "81"]
[EventDate "2013.??.??"]

1. d4 Nf6 2. c4 e6 3. Nf3 b6 4. g3 Bb7 5. Bg2 Be7 6. O-O O-O 7. Nc3 Ne4 8. Bd2
Bf6 9. Ne5 Nxc3 10. Bxc3 Bxg2 11. Kxg2 c5 12. Nf3 cxd4 13. Bxd4 Be7 14. Qd3 Nc6
15. Bc3 Qc7 16. e4 Rfd8 17. b3 a6 18. Rfd1 d6 19. Qe2 Rd7 20. a4 Rad8 21. Rd2
h6 22. Rad1 Na5 23. Bxa5 bxa5 24. e5 Qc6 25. exd6 Rxd6 26. Rxd6 Rxd6 27. Rxd6
Bxd6 28. Qd3 f5 29. Kf1 Qb6 30. Ne1 Kh8 31. h4 Bc5 32. Qf3 Bd4 33. h5 e5 34.
Ng2 e4 35. Qxf5 Qxb3 36. Qf8+ Kh7 37. Qf5+ Kh8 38. Qf8+ Kh7 39. Qf5+ Kh8 40.
Qc8+ Kh7 41. Qf5+ 1/2-1/2

[Event "BL 1314 SV Mülheim Nord - SC Eppingen"]
[Site "?"]
[Date "2013.10.13"]
[Round "2.4"]
[White "Fridman, Daniel"]
[Black "Balogh, Csaba"]
[Result "1/2-1/2"]
[WhiteElo "2602"]
[BlackElo "2632"]
[PlyCount "52"]
[EventDate "2013.??.??"]

1. d4 d5 2. c4 c6 3. cxd5 cxd5 4. Bf4 Nf6 5. Nc3 Nc6 6. e3 Bg4 7. Qb3 Na5 8.
Qa4+ Bd7 9. Bb5 e6 10. Nf3 a6 11. Bxd7+ Nxd7 12. O-O Be7 13. Nd2 Rc8 14. Rac1
b5 15. Qd1 O-O 16. a4 b4 17. Ne2 Qb6 18. b3 Qb7 19. Rxc8 Rxc8 20. Qb1 g5 21.
Bg3 f5 22. Rc1 Kf7 23. Rxc8 Qxc8 24. Qc1 Qxc1+ 25. Nxc1 Nc6 26. Bc7 h5 1/2-1/2

[Event "BL 1314 SV Mülheim Nord - SC Eppingen"]
[Site "?"]
[Date "2013.10.13"]
[Round "2.5"]
[White "Postny, Evgeny"]
[Black "Tregubov, Pavel V"]
[Result "0-1"]
[WhiteElo "2631"]
[BlackElo "2606"]
[PlyCount "114"]
[EventDate "2013.??.??"]

1. d4 Nf6 2. c4 c5 3. d5 b5 4. cxb5 a6 5. e3 g6 6. a4 Bg7 7. Na3 Bb7 8. Bc4 e6
9. Nf3 exd5 10. Ba2 O-O 11. O-O d6 12. Rb1 Nbd7 13. Bd2 Ne4 14. Be1 axb5 15.
Nxb5 Nb6 16. a5 Nc4 17. Nc3 Rxa5 18. Bxc4 dxc4 19. Nxe4 Bxe4 20. Bxa5 Qxa5 21.
Qxd6 Bxb1 22. Rxb1 Bxb2 23. Qd1 Bf6 24. Qc2 c3 25. h3 Rd8 26. g4 Qa8 27. e4 Bd4
28. Rd1 Qb8 29. Kg2 Qb2 30. Ne1 Re8 31. f3 Rb8 32. Kf1 Qa3 33. Qd3 Rb2 34. Nc2
Qa2 35. Rc1 Rb1 36. Rxb1 Qxb1+ 37. Ne1 Qxd3+ 38. Nxd3 c2 39. Ke2 Bb2 40. Kd2
c1=Q+ 41. Nxc1 Bxc1+ 42. Kxc1 g5 43. Kd2 Kf8 44. Ke3 Ke7 45. f4 gxf4+ 46. Kxf4
Ke6 47. Kf3 Kd6 48. Ke2 Ke5 49. Ke3 h6 50. Kd3 Kf4 51. Kc4 Kxe4 52. Kxc5 Kf4
53. Kd4 Kg3 54. Ke4 Kxh3 55. Kf4 Kg2 56. Ke4 Kg3 57. Kf5 f6 0-1